Statistics for Click the Modern-Day Countries of the Persian Empire on a Map

Click here to take the quiz!

General Stats

  • This quiz has been taken 77 times
    (76 since last reset)
  • The average score is 26 of 32

Answers on the Map

Answers color-coded by a green-red scale on the quiz's map according to % correct below.
 

Answer Stats

Answer% Correct
Turkey
97%
Egypt
94%
Iran
92%
Cyprus
91%
Kuwait
86%
Ukraine
86%
Afghanistan
85%
Libya
85%
Moldova
85%
Saudi Arabia
83%
UAE
83%
Greece
82%
India
82%
Israel
82%
Jordan
82%
Oman
82%
Pakistan
82%
Syria
82%
Iraq
80%
Romania
80%
Armenia
79%
Lebanon
79%
China
77%
Russia
77%
Azerbaijan
76%
Bulgaria
76%
Georgia
76%
Uzbekistan
74%
Kazakhstan
73%
Kyrgyzstan
71%
Tajikistan
71%
Turkmenistan
70%

Score Distribution

Percentile by Number Answered

Percent of People with Each Score

Your Score History

You have not taken this quiz since the last reset